| 000 | 00844nam a2200253 4500 | ||
|---|---|---|---|
| 003 | OSt | ||
| 005 | 20240705020459.0 | ||
| 006 | a | ||
| 008 | 240705b |||||||| |||| 00| 0 eng d | ||
| 020 | _a9781405190251 | ||
| 040 |
_aDWCL-Main lib. _cOC |
||
| 082 |
_2Third edition _aCirc. 158.7 L264w 2010 |
||
| 100 | _aLandy, Frank J. | ||
| 245 | _aWork in the 21st century : an introduction to industrial and organizational pschology / | ||
| 260 |
_aN. J. : _bPearson Education Inc., _cc2010. |
||
| 300 |
_axxviii _b(various paging) : ill. ; _c26 cm. |
||
| 504 | _aIncludes bibliographical references and index. | ||
| 650 | _a1. Psychology, Industrial. | ||
| 650 | _a2. Organization-Research. | ||
| 650 | _a3. Organizational behavior. | ||
| 650 | _a4. Work. | ||
| 650 | _a5. Twenty-first century. | ||
| 942 |
_2ddc _n0 _cBK-CIRC _kCirc. |
||
| 999 |
_c1992 _d1992 |
||